A take and give green belt? (Record no. 72561)
[ view plain ]
| 000 -LEADER | |
|---|---|
| fixed length control field | 01254cam a2200217 4500 |
| 001 - CONTROL NUMBER | |
| control field | ABS66631 |
| 008 - FIXED-LENGTH DATA ELEMENTS--GENERAL INFORMATION | |
| fixed length control field | 030429n2003 000 0 eng u |
| 035 ## - SYSTEM CONTROL NUMBER | |
| System control number | (Sirsi) u122110 |
| 100 ## - MAIN ENTRY--PERSONAL NAME | |
| Personal name | Elson, M. |
| 245 #2 - TITLE STATEMENT | |
| Title | A take and give green belt? |
| 260 ## - PUBLICATION, DISTRIBUTION, ETC. | |
| Date of publication, distribution, etc. | 2003 |
| 490 ## - SERIES STATEMENT | |
| Series statement | Town & Country Planning |
| Volume/sequential designation | 72(3) March/April 2003, 104-105(2) |
| 520 ## - SUMMARY, ETC. | |
| Summary, etc. | Looks at government targets outlined in "Sustainable communities" to maintain or increase green belt land in every English region. Discusses the implications of government's renewed commitment to green belts such as the option for new green belts around Milton Keynes and South Midlands and outlines "Sustainable communities"'suggestions to improve the quality of green belt environments. Also examines "Sustainable communities"' promise to give green wedges and corridors greater protection in the planning system. "Sustainable communities" at www.odpm.gov.uk/communities/index.htm. "Milton Keynes and South Midlands study: final report of the study" at www.southeast-ra.gov.uk. References. |
| 590 ## - LOCAL NOTE (RLIN) | |
| Local note | ABS |
| 650 ## - SUBJECT ADDED ENTRY--TOPICAL TERM | |
| Topical term or geographic name entry element | GREEN BELTS |
| 650 ## - SUBJECT ADDED ENTRY--TOPICAL TERM | |
| Topical term or geographic name entry element | SUSTAINABLE COMMUNITIES |
| 650 ## - SUBJECT ADDED ENTRY--TOPICAL TERM | |
| Topical term or geographic name entry element | GREEN BELT LAND |
| 650 ## - SUBJECT ADDED ENTRY--TOPICAL TERM | |
| Topical term or geographic name entry element | PLANNING SYSTEM |
| 690 ## - LOCAL SUBJECT ADDED ENTRY--TOPICAL TERM (OCLC, RLIN) | |
| Topical term or geographic name as entry element | Planning and development |
| 9 (RLIN) | 6259 |
| 942 ## - ADDED ENTRY ELEMENTS (KOHA) | |
| Suppress in OPAC | 0 |
| Withdrawn status | Lost status | Source of classification or shelving scheme | Damaged status | Not for loan | Home library | Current library | Shelving location | Date acquired | Total Checkouts | Full call number | Barcode | Date last seen | Copy number | Price effective from | Koha item type |
|---|---|---|---|---|---|---|---|---|---|---|---|---|---|---|---|
| Dewey Decimal Classification | London | London | Journal article | 29/04/2003 | ABS66631 | 122110-1001 | 06/08/2019 | 1 | 06/08/2019 | Journal article |